| Поле | Инд. | ПП | Название | Значение |
|---|---|---|---|---|
| Тип записи | a | |||
| Библиографический уровень | m | |||
| 001 | Контрольный номер | 73c3d2ef-6051-49fc-9514-33b95502633d | ||
| 005 | Дата корректировки | 20131112002320.8 | ||
| 008 | Кодируемые данные | 010311 d | ||
| 020 | a | ISBN | 5-239-00297-5 | |
| c | Цена, тираж | 3.00 | ||
| 040 | a | Служба первич. каталог. | RU-RKP | |
| 040 | a | Служба первич. каталог. | НБ ТвГУ | |
| 041 | a | Код языка текста | rus | |
| 080 | a | Индекс УДК | 643/645 | |
| 084 | a | Индекс другой классификации/Индекс ББК | М79 | |
| 090 | a | Полочн. индекс | М79 | |
| x | Авторский знак | С83 | ||
| 100 | 1_ | a | Автор | Страшнов Виктор Григорьевич |
| 245 | 00 | a | Заглавие | Вашему дому - красоту и уют |
| c | Ответственность | В. Г. Страшнов | ||
| 260 | 0_ | a | Место издания | Москва |
| b | Издательство | Московский рабочий | ||
| c | Дата издания | 1990 | ||
| 300 | a | Объем | 223,[5] с. | |
| b | Иллюстрации/ тип воспроизводства | ил., [14] л. ил. | ||
| c | Размеры | 20 см | ||
| 650 | a | Основная рубрика | Жилые помещения | |
| x | Основная подрубрика | Благоустройство | ||
| 650 | a | Основная рубрика | Жилые помещения | |
| x | Основная подрубрика | Отделка | ||
| 653 | a | Ключевые слова | Домоводство | |
| 920 | a | Оператор | Бочк |